Statistics for Countries of Asia by Highest Point on Land

Click here to take the quiz!

General Stats

  • This quiz has been taken 17 times
  • The average score is 45 of 48

Answer Stats

ElevationHighest PointAnswer% Correct
7492mNoshaqAfghanistan
100%
7570mGangkar PansumBhutan
100%
8849mMount EverestChina and Nepal
100%
8586mKangchenjungaIndia
100%
5609mDamavandIran
100%
3611mCheekha DarIraq
100%
3776mMount FujiJapan
100%
7010mKhan TengriKazakhstan
100%
4356mKhüiten PikMongolia
100%
8614mK2Pakistan
100%
1950mHalla-SanSouth Korea
100%
2524mPidurutalagalaSri Lanka
100%
4090mAragats LerrArmenia
92%
4466mBazar DyuziAzerbaijan
92%
134mJabal ad DhukanBahrain
92%
1850mBukit PagonBrunei
92%
1813mPhnom AuralCambodia
92%
1951mOlympusCyprus
92%
2963mRamelauEast Timor
92%
5193mShkharaGeorgia
92%
4884mCarstensz PyramidIndonesia
92%
2222mMitze HashlagimIsrael
92%
1854mJbal Umm ad DamiJordan
92%
291mKuwait High PointKuwait
92%
7439mPik PobedaKyrgyzstan
92%
2830mPhou BiaLaos
92%
3088mQurnat as SawdaLebanon
92%
4095mKinabaluMalaysia
92%
3mWilingli Island High PointMaldives
92%
5881mHkakabo RaziMyanmar
92%
2744mPaektu-SanNorth Korea
92%
3018mJebel ShamsOman
92%
5642mElbrusRussia
92%
3002mJabal FerwaSaudi Arabia
92%
2814mMount HermonSyria
92%
3951mYushanTaiwan
92%
7495mPik Islamil SamaniTajikistan
92%
5137mMount AraratTurkey
92%
3139mAyrybabaTurkmenistan
92%
1892mJabal Bil Ays-West PeakUnited Arab Emirates
92%
1052mMowdok MualBangladesh
85%
2954mMount ApoPhilippines
85%
103mAl GalailQatar
85%
176mBukit TimahSingapore
85%
2565mDoi InthanonThailand
85%
4643mKhazret SultanUzbekistan
85%
3142mFan Si PanVietnam
85%
3666mJabal an Nabi Shu'aybYemen
85%

Score Distribution

Percentile by Number Answered

Percent of People with Each Score

Your Score History

You have not taken this quiz